00241nam a2200097Ia 4500008004100000041000800041082001500049100002500064245004500089260000900134240625s9999 xx 000 0 und d aeng a658.45 MUK aMUKERJEE HORY SANKAR aBUSINESS COMMUNICATION CONNECTING AT WOR c2013